000 01430nam a2200361 c 4500
003 BLK
005 20181220123730.0
008 180410b bul|||||r ||||||| ||bul||
010 _aKNG00161251000
020 _a978-954-515-208-5
_bиздат.: Милениум
040 _aBLK
041 _aBUL
_cBUL
072 7 _2bullib
_aН85
_xДетска художествена литература Н
080 _aАмериканска литература (на САЩ)
_b821.111(73)
_x-31
_z821.111(73)-31
100 1 _aСакър, Луис
_eпърви автор
_9118540
700 1 _aМолев, Владимир Георгиев
_eпрев. от англ.
_998667
139 _aСакър, Луис
_bС 14
245 1 0 _aСъкровището от Зеленото езеро
_cЛуис Сакър; прев. от англ. Владимир Георгиев Молев.
257 _aUSA
260 София
_bМилениум
_c2013
_fСофия : Инвестпрес
300 _a264 с.
_c20 см
380 _aDX
500 _aОриг. загл. Holes / Louis Sachar.
653 _aромани
653 _aлитература за деца
653 _aдетска литература
659 _aН
852 _aЦб 269034
856 4 _qpdf
_u
856 4 _qpdf
_u
942 _cKNG
_n0
_02
944 _aCR
_c26.05.2014
_lф /
_kЛюдмила_Стоянова
944 _aED
_c14.04.2015
_lф /
_kПенка_Димитрова
999 _c154612
_d154612